Gemeinden von Deutschlandsberg - Statistiken

Allgemein
  • Dieses Quiz wurde 226 mal gespielt
    216 seit der letzten Aktualisierung
  • Das Durchschnittsergebnis liegt bei 10 aus 15
Antworten auf der Karte
Die Antworten werden auf der Karte rot bzw. grün angezeigt, abhängig davon wie oft sie richtig erraten wurden.
 
Antwortstatistiken
Einwohner Gemeinde % Korrekt
11.663 Deutschlandsberg
97%
8.749 Stainz
85%
6.391 Eibiswald
84%
4.319 Wies
82%
3.579 St. Stefan ob Stainz
72%
3.105 St. Martin im Sulmtal
70%
4.559 Bad Schwanberg
69%
2.930 Frauental an der Laßnitz
69%
4.130 Groß St. Florian
69%
1.256 St. Peter im Sulmtal
66%
3.537 Lannach
59%
1.619 St. Josef (Weststeiermark)
59%
1.621 Wettmannstätten
59%
1.782 Preding
53%
1.627 Pölfing-Brunn
43%
Keine übereinstimmenden Quizze gefunden
Verteilung der Resultate
Anzahl Personen mit jedem Resultat
Perzentil nach korrekt beantworteten Fragen
Ihre Resultats-Entwicklung
Sie haben dieses Quiz seit der letzten Aktualisierung nicht gespielt